000 00682nam a2200205Ia 4500
008 191130s1999##################000#0#eng##
020 _a9780748610938
022 _a2001369176
040 _aACL
_cACL
082 _a193 WAR
100 _aWare, Robert Bruce
245 _aHegel : the logic of self-consciousness and the legacy of subjective freedom
_cRobert Bruce Ware
260 _aEdinburgh
_bEdinburgh Univeristy Press
_cc1999
300 _a254 p. ; 24 cm
500 _aIncludes bibliographical references (p. 239-245) and index
650 _aHegel, Georg Wilhelm Friedrich, 1770-1831
990 _acf7342daac10000c6838ecee34c7d80a
991 _a66707
999 _c203265
_d203265